00696nam a2200205Ia 4500952014900000999001700149003000400166005001700170008004100187020001800228040000900246082002200255100004000277245005500317250001200372260003300384300000900417650001400426942005000440 00102ddc40708SSaMESbMEScMALd2019-02-20g499.00l20m14o894.812301 PIL/Kp40474r2025-02-11 12:53:26s2025-02-07w2019-02-20yBKzGR30R3 c30175d30175OSt20210210153229.0190216s9999||||xx |||||||||||||| ||und|| a9788126464425 coclc a894.812301bPIL/K aPillai, Thakazhi Shivashankara9418 0aKathakal Thakazhi /cThakazhi Shivashankara Pillai a2nd Ed. bD C Books,c2017.aKottayam: a543p aMalayalam cBK2ddch894.812301iPIL/Kk894.812301mPIL/K